LEADER 01534nam0 22003733i 450 001 IEI0013650 005 20251003044156.0 020 $aIT$b75-7237 100 $a19891003d1975 ||||0itac50 ba 101 | $aita 102 $ait 181 1$6z01$ai $bxxxe 182 1$6z01$an 200 1 $aˆIl ‰rapporto uomo-donna nella civiltà borghese$fUmberto Cerroni 210 $aRoma$cEditori Riuniti$d1975 215 $a166 p.$d19 cm. 225 | $aArgomenti$v47 410 0$1001RAV0002638$12001 $aArgomenti$v47 606 $aFamiglia$2FIR$3CFIC010084$9E 676 $a152.401$9EMOZIONI E SENTIMENTI. Filosofia e teoria$v23 676 $a306.85$9CULTURA E ISTITUZIONI. Famiglia$v14 676 $a306.85$9FAMIGLIA$v20 676 $a306.85$9FAMIGLIA$v21 676 $a306.85$9CULTURA E ISTITUZIONI. FAMIGLIA.$v22 676 $a306.850945$9Famiglia. Italia$v22 700 1$aCerroni$b, Umberto$3CFIV003222$4070$033410 801 3$aIT$bIT-000000$c19891003 850 $aIT-BN0095 901 $bNAP 01$cPOZZO LIB.$nVi sono collocati fondi di economia, periodici di ingegneria e scienze, periodici di economia e statistica e altri fondi comprendenti documenti di economia pervenuti in dono. 912 $aIEI0013650 950 0$aBiblioteca Centralizzata di Ateneo$c1 v.$d 01POZZO LIB.F. CORTI 621$e 01 0000129975E VMA 1 v.$fB $h20231005$i20231009 977 $a 01 996 $aRapporto uomo donna nella civiltà borghese$9509562 997 $aUNISANNIO